Korean History Quiz - Statistics

General Stats
  • This quiz has been taken 646 times
  • The average score is 8 of 15
Answer Stats
Hint Answer % Correct
Year the Korean War Started 1950
82%
King that created the Korean Alphabet (Hangul) King Sejong
79%
Country that took over the southern part of Korea after the Japanese Occupation United States
79%
Country that took over the northern part of Korea after the Japanese Occupation Soviet Union
76%
North Korea's First Dictator Kim Il-Sung
68%
The year of the start of Japanese occupation of Korea 1910
64%
Korean Naval Commander that won victories during the Imjin War Yi Sun-Sin
47%
Seoul's name during Joseon Dynasty Hanyang
45%
Island that South Korea and Japan are fighting for Dokdo/Takeshima
41%
South Korea's first president Syngman Rhee
39%
Father of the above, third president of South Korea Park Chung Hee
32%
Current South Korean President Park Geun Hye
30%
Underfloor heating used in Manchuria and the Korean peninsula, starting from 1000 BCE Ondol
27%
Largest palace in Seoul, built in 1395 Gyeongbokgung Palace
25%
One of the eight gates of the Fortress Wall of Seoul, rebuilt after an arson in 2008 Namdaemun
18%
No matching quizzes found
Score Distribution
Percent of People with Each Score
Percentile by Number Answered
Your Score History
You have not taken this quiz